[Event "Madrid-ch Seniors 50"]
[Site "Madrid"]
[Date "2020.01.20"]
[Round "6"]
[White "Lopez de Turiso, Jose Angel"]
[Black "Garcia Martin, Esteban"]
[Result "1/2-1/2"]
[WhiteElo "1893"]
[BlackElo "1856"]
[PlyCount "47"]
[EventDate "2020.01.13"]
[EventType "swiss"]
[EventRounds "9"]
[EventCountry "ESP"]
[SourceTitle "CBM 194 Extra"]
[Source "ChessBase"]
[SourceDate "2020.03.31"]
[SourceVersion "1"]
[SourceVersionDate "2020.03.31"]
[SourceQuality "1"]

1. c4 e5 2. Nc3 Nf6 3. Nf3 Nc6 4. e3 d6 5. d4 exd4 6. exd4 Be7 7. d5 Ne5 8. Nxe5 dxe5 9. Be2 0-0 10. 0-0 Nd7 11. Rb1 a5 12. a3 f5 13. b4 axb4 14. axb4 b6 15. Qb3 Kh8 16. Bb2 Nf6 17. Nb5 Bd7 18. Bxe5 Bxb5 19. cxb5 Bd6 20. f4 Ne4 21. Rfd1 Qh4 22. g3 Qe7 23. Bxd6 cxd6 24. Bf3 1/2-1/2

[Event "Madrid-ch Seniors 50"]
[Site "Madrid"]
[Date "2018.01.15"]
[Round "6"]
[White "Garcia Martin, Esteban"]
[Black "Vinas Lopez, Carlos"]
[Result "1/2-1/2"]
[WhiteElo "1886"]
[BlackElo "1884"]
[PlyCount "210"]
[EventDate "2018.01.08"]
[EventType "swiss"]
[EventRounds "9"]
[EventCountry "ESP"]
[SourceTitle "CBM 182 Extra"]
[Source "ChessBase"]
[SourceDate "2018.02.23"]
[SourceVersion "1"]
[SourceVersionDate "2018.02.23"]
[SourceQuality "1"]

1. c4 e5 2. Nc3 Bb4 3. g3 Bxc3 4. bxc3 d6 5. Bg2 Ne7 6. e4 Nbc6 7. d3 0-0 8. Ne2 f5 9. 0-0 fxe4 10. Bxe4 Bh3 11. Bg2 Qd7 12. f4 Kh8 13. Rf2 Bxg2 14. Kxg2 b6 15. Qf1 Qf5 16. Ng1 e4 17. d4 Na5 18. Nh3 Ng8 19. Qe2 Nf6 20. Rf1 Rfe8 21. Nf2 e3 22. Nd1 Nxc4 23. Nxe3 Qe4+ 24. Rf3 d5 25. h3 Re7 26. Qf2 Qd3 27. Nxd5 Re2 28. Rxd3 Rxf2+ 29. Kxf2 Nxd5 30. f5 Re8 31. Bf4 Nxf4 32. gxf4 Rf8 33. Re1 Kg8 34. Re7 Rf7 35. Re8+ Rf8 36. Rxf8+ Kxf8 37. Rd1 Kf7 38. Kf3 Kf6 39. Re1 Kf7 40. Re6 Nd6 41. Re5 Kf6 42. Kg4 a6 43. Re6+ Kf7 44. d5 a5 45. h4 b5 46. h5 h6 47. Re1 Kf6 48. a3 a4 49. Re2 Kf7 50. Re6 Nc4 51. Rc6 Ne3+ 52. Kf3 Nxd5 53. Ke4 Nf6+ 54. Kd4 Nxh5 55. Rxc7+ Kf6 56. Rc5 Nxf4 57. Rxb5 Ne2+ 58. Kd3 Ng3 59. c4 Nxf5 60. c5 Ke6 61. c6 Nd6 62. Ra5 Nc8 63. Rxa4 Kd6 64. Rc4 Kc7 65. Ke3 Ne7 66. Kf4 Nxc6 67. Kf5 Kb6 68. Rg4 g6+ 69. Kf6 Kb5 70. Rxg6 Ka4 71. Rg3 Na5 72. Kg6 Nb3 73. Kxh6 Kxa3 74. Kg5 Kb4 75. Kf5 Kc4 76. Rg8 Kd5 77. Rd8+ Kc4 78. Ke5 Nc5 79. Rd4+ Kc3 80. Kd5 Nd3 81. Rc4+ Kd2 82. Kd4 Nc1 83. Ra4 Ne2+ 84. Kc4 Ke3 85. Ra8 Kf3 86. Rf8+ Ke3 87. Re8+ Kf3 88. Kd3 Nf4+ 89. Kd2 Ng2 90. Re2 Nf4 91. Re3+ Kg4 92. Re4 Kf5 93. Ke3 Nd5+ 94. Kd4 Nf4 95. Re5+ Kf6 96. Ke4 Ng6 97. Ra5 Ne7 98. Ra6+ Kf7 99. Ke5 Ng6+ 100. Kf5 Ne7+ 101. Kg5 Nd5 102. Rd6 Ne7 103. Rf6+ Ke8 104. Rd6 Kf7 105. Rd7 Ke6 1/2-1/2

[Event "Madrid San Viator op-A 29th"]
[Site "Madrid"]
[Date "2017.09.17"]
[Round "1"]
[White "Iagar, Razvan Gabriel"]
[Black "Garcia Martin, Esteban"]
[Result "1-0"]
[WhiteElo "2163"]
[BlackElo "1854"]
[PlyCount "63"]
[EventDate "2017.09.17"]
[EventType "swiss"]
[EventRounds "9"]
[EventCountry "ESP"]
[SourceTitle "EXT 2019"]
[Source "ChessBase"]
[SourceDate "2018.10.10"]
[SourceVersion "1"]
[SourceVersionDate "2018.10.10"]
[SourceQuality "1"]

1. d4 Nf6 2. Nf3 g6 3. c4 Bg7 4. Nc3 0-0 5. g3 d6 6. Bg2 Nbd7 7. 0-0 e5 8. e4 exd4 9. Nxd4 Re8 10. Re1 a6 11. h3 Rb8 12. Be3 Ne5 13. b3 c5 14. Nc2 b5 15. f4 Ned7 16. Qxd6 Nh5 17. e5 Nxg3 18. Rad1 bxc4 19. Qxb8 Nxb8 20. Rxd8 Rxd8 21. bxc4 Bf5 22. Na1 Rd3 23. Nd5 Nd7 24. Nb3 g5 25. Kh2 Rxe3 26. Rxe3 gxf4 27. Nxf4 Bxe5 28. Kxg3 Bd6 29. Be4 Bg6 30. Bxg6 hxg6 31. Rd3 Nf6 32. Kf3 1-0

[Event "Madrid San Viator op-A 27th"]
[Site "Madrid"]
[Date "2016.10.12"]
[Round "4"]
[White "Zhou, Lulu"]
[Black "Garcia Martin, Esteban"]
[Result "1/2-1/2"]
[WhiteElo "1746"]
[BlackElo "1881"]
[PlyCount "50"]
[EventDate "2016.09.25"]
[EventType "swiss"]
[EventRounds "9"]
[EventCountry "ESP"]
[SourceTitle "EXT 2017"]
[Source "ChessBase"]
[SourceDate "2016.10.25"]
[SourceVersion "1"]
[SourceVersionDate "2016.10.25"]
[SourceQuality "1"]

1. e4 c5 2. Nf3 d6 3. d4 cxd4 4. Nxd4 Nf6 5. Nc3 g6 6. Be2 Bg7 7. Be3 Nc6 8. f3 Bd7 9. 0-0 0-0 10. Qd2 Rc8 11. Rac1 Ne5 12. b3 a6 13. Nd5 b5 14. Rfd1 Nxd5 15. exd5 Qc7 16. Bh6 Nd3 17. Bxd3 Bxd4+ 18. Kh1 Bc3 19. Qf2 Rfe8 20. Bd2 Bf6 21. c4 bxc4 22. Bxc4 Qb7 23. Be3 Bb5 24. Bxb5 Qxb5 25. Qd2 h5 1/2-1/2

[Event "Madrid-ch Seniors"]
[Site "Madrid"]
[Date "2016.01.19"]
[Round "7"]
[White "Romero Jaime, Pedro"]
[Black "Garcia Martin, Esteban"]
[Result "0-1"]
[WhiteElo "1553"]
[BlackElo "1894"]
[PlyCount "48"]
[EventDate "2016.01.11"]
[EventType "swiss"]
[EventRounds "9"]
[EventCountry "ESP"]
[SourceTitle "EXT 2017"]
[Source "ChessBase"]
[SourceDate "2016.10.25"]
[SourceVersion "1"]
[SourceVersionDate "2016.10.25"]
[SourceQuality "1"]

1. d4 b6 2. c4 Bb7 3. f3 e6 4. e4 d5 5. e5 c5 6. Be3 cxd4 7. Bxd4 Nc6 8. Qa4 dxc4 9. Ne2 a6 10. Bc3 b5 11. Qc2 Nge7 12. f4 Nf5 13. Qd2 Qb6 14. b3 b4 15. Bb2 c3 16. Nbxc3 bxc3 17. Nxc3 Rd8 18. Qc1 Bb4 19. Be2 Ncd4 20. Bf1 0-0 21. h4 Ne3 22. Bd3 Ndf5 23. Bxf5 exf5 24. Rh3 Rd1+ 0-1

[Event "Madrid-ch Seniors"]
[Site "Madrid"]
[Date "2016.01.18"]
[Round "6"]
[White "Garcia Martin, Esteban"]
[Black "Rodriguez Bachiller, Luis"]
[Result "0-1"]
[WhiteElo "1894"]
[BlackElo "1660"]
[PlyCount "122"]
[EventDate "2016.01.11"]
[EventType "swiss"]
[EventRounds "9"]
[EventCountry "ESP"]
[SourceTitle "EXT 2017"]
[Source "ChessBase"]
[SourceDate "2016.10.25"]
[SourceVersion "1"]
[SourceVersionDate "2016.10.25"]
[SourceQuality "1"]

1. c4 Nf6 2. Nc3 g6 3. g3 Bg7 4. Bg2 0-0 5. e4 d6 6. Nge2 Nc6 7. 0-0 Bg4 8. f3 Bd7 9. d3 Qc8 10. Be3 a6 11. Qd2 Bh3 12. Rac1 Bxg2 13. Kxg2 Ne5 14. Nd5 Nxd5 15. cxd5 c5 16. d4 Nd7 17. dxc5 dxc5 18. b4 c4 19. f4 b5 20. Nd4 Nf6 21. Qc2 Qb7 22. Kf3 Rfe8 23. f5 Nd7 24. Kg2 Ne5 25. Qe2 Nd3 26. Rb1 e6 27. fxe6 fxe6 28. Nxe6 Rxe6 29. dxe6 Qxe4+ 30. Qf3 Qxf3+ 31. Kxf3 Re8 32. Ke2 Rxe6 33. Kd2 Rd6 34. Kc2 Re6 35. Rf3 Ne5 36. Rff1 Ng4 37. Bc5 Re2+ 38. Kd1 Rxh2 39. Re1 Rxa2 40. Re2 Ra3 41. Ke1 Rxg3 42. Rd1 Rd3 43. Rxd3 cxd3 44. Re8+ Kf7 45. Re7+ Kf6 46. Rd7 Ne5 47. Bd4 Ke6 48. Rxg7 Nf3+ 49. Kd1 Nxd4 50. Rxh7 Nc6 51. Rg7 Nxb4 52. Rxg6+ Kd5 53. Kd2 a5 54. Rg5+ Kc4 55. Rg4+ Kb3 56. Rg5 a4 57. Rxb5 a3 58. Ra5 a2 59. Ra8 Kb2 60. Ra4 a1Q 61. Rxb4+ Ka3 0-1

[Event "Madrid-ch Seniors"]
[Site "Madrid"]
[Date "2016.01.13"]
[Round "3"]
[White "Garcia Martin, Esteban"]
[Black "Casares Ripoll, Fernando"]
[Result "0-1"]
[WhiteElo "1894"]
[BlackElo "2133"]
[PlyCount "86"]
[EventDate "2016.01.11"]
[EventType "swiss"]
[EventRounds "9"]
[EventCountry "ESP"]
[SourceTitle "CBM 170 Extra"]
[Source "ChessBase"]
[SourceDate "2016.02.25"]
[SourceVersion "1"]
[SourceVersionDate "2016.02.25"]
[SourceQuality "1"]

1. c4 Nf6 2. Nc3 d5 3. cxd5 Nxd5 4. g3 g6 5. Bg2 Nb6 6. Nf3 Bg7 7. 0-0 e5 8. d3 0-0 9. Bg5 f6 10. Be3 Nc6 11. Rc1 Be6 12. Ne4 Nd7 13. Qa4 Re8 14. b4 Nb6 15. Qa3 Bf8 16. Nc5 Bxc5 17. Bxc5 Nd5 18. b5 Nce7 19. Qb3 Bf7 20. Nd2 b6 21. Ba3 c5 22. bxc6 Rc8 23. Ne4 Rxc6 24. Rxc6 Nxc6 25. Nd6 Re7 26. Nxf7 Rxf7 27. Qb5 Nce7 28. Rc1 Kg7 29. Bb2 Qd6 30. a3 Nc7 31. Qb3 Ne6 32. Rd1 Nf5 33. e3 Nc5 34. Qc4 Rc7 35. g4 Nh4 36. g5 fxg5 37. Qg4 h6 38. d4 Qe6 39. Qg3 Rd7 40. d5 Qf5 41. Bxe5+ Kh7 42. Bb2 Rf7 43. Qe5 Qxf2+ 0-1

[Event "Madrid-ch Seniors"]
[Site "Madrid"]
[Date "2016.01.11"]
[Round "1"]
[White "Garcia Martin, Esteban"]
[Black "Salgado Duarte, Pablo"]
[Result "1-0"]
[WhiteElo "1894"]
[BlackElo "1518"]
[PlyCount "65"]
[EventDate "2016.01.11"]
[EventType "swiss"]
[EventRounds "9"]
[EventCountry "ESP"]
[SourceTitle "EXT 2017"]
[Source "ChessBase"]
[SourceDate "2016.10.25"]
[SourceVersion "1"]
[SourceVersionDate "2016.10.25"]
[SourceQuality "1"]

1. c4 c5 2. Nc3 e5 3. g3 Nf6 4. Bg2 Nc6 5. e3 Be7 6. Nge2 0-0 7. 0-0 d6 8. h3 Be6 9. b3 Qd7 10. Kh2 Bf5 11. d4 exd4 12. exd4 Nb4 13. Be3 Rab8 14. Qd2 b6 15. Bf4 Nc2 16. Rad1 Nb4 17. dxc5 Nd3 18. cxd6 Bxd6 19. Bxd6 Qxd6 20. Nf4 Rbd8 21. Ncd5 Nxf4 22. Nxf6+ Qxf6 23. Qxf4 Rxd1 24. Rxd1 Qg6 25. Qc7 Be4 26. Qxa7 h6 27. Qd7 Bb1 28. Rd2 Be4 29. Rd6 Qf5 30. Qxf5 Bxf5 31. Rxb6 Rd8 32. Bd5 Re8 33. a4 1-0

[Event "Madrid San Viator op 25th"]
[Site "Madrid"]
[Date "2015.10.11"]
[Round "2"]
[White "Garcia Martin, Esteban"]
[Black "Luque Ibanez, Manuel"]
[Result "1-0"]
[WhiteElo "1903"]
[BlackElo "2008"]
[PlyCount "83"]
[EventDate "2015.10.04"]
[EventType "swiss"]
[EventRounds "9"]
[EventCountry "ESP"]
[SourceTitle "CBM 169 Extra"]
[Source "ChessBase"]
[SourceDate "2015.12.18"]
[SourceVersion "1"]
[SourceVersionDate "2015.12.18"]
[SourceQuality "1"]

1. c4 c5 2. Nc3 Nc6 3. g3 g6 4. Bg2 Bg7 5. d3 d6 6. e4 Nd4 7. h3 e6 8. Nge2 Ne7 9. 0-0 Nec6 10. Rb1 0-0 11. a3 a5 12. Kh2 Rb8 13. Be3 Bd7 14. f4 b5 15. cxb5 Nxb5 16. Nxb5 Rxb5 17. d4 cxd4 18. Nxd4 Nxd4 19. Bxd4 e5 20. Bc3 exf4 21. gxf4 Bxc3 22. bxc3 Qc7 23. Qd4 Rfb8 24. Rxb5 Rxb5 25. Rd1 Be6 26. Qxd6 Qxd6 27. Rxd6 Rb3 28. f5 Bc4 29. f6 h5 30. Rd8+ Kh7 31. Rc8 Rxc3 32. Bf1 Rc2+ 33. Kg1 Bb3 34. Rxc2 Bxc2 35. Bc4 Bxe4 36. Bxf7 Bc2 37. h4 a4 38. Kf2 Kh6 39. Kg3 g5 40. Bxh5 gxh4+ 41. Kxh4 Bg6 42. f7 1-0

[Event "Madrid San Viator op 21st"]
[Site "Madrid"]
[Date "2013.11.17"]
[Round "9"]
[White "Lopez Ziegler, Carlos"]
[Black "Garcia Martin, Esteban"]
[Result "1-0"]
[WhiteElo "1944"]
[BlackElo "1892"]
[PlyCount "83"]
[EventDate "2013.09.29"]
[EventType "swiss"]
[EventRounds "9"]
[EventCountry "ESP"]
[SourceTitle "EXT 2015"]
[Source "ChessBase"]
[SourceDate "2014.11.20"]
[SourceVersion "1"]
[SourceVersionDate "2014.11.20"]
[SourceQuality "1"]

1. e4 c5 2. Nc3 Nc6 3. f4 g6 4. Nf3 Bg7 5. Bb5 e6 6. Bxc6 bxc6 7. 0-0 Ne7 8. d3 d5 9. e5 Ba6 10. Na4 c4 11. Nc5 cxd3 12. cxd3 h5 13. Be3 Nf5 14. Bf2 Bc8 15. Re1 Bf8 16. Qa4 Bd7 17. Rac1 Bh6 18. g3 0-0 19. Nxd7 Qxd7 20. Qxc6 Rfd8 21. Qxd7 Rxd7 22. Nd4 Rb7 23. Nxf5 gxf5 24. Re2 h4 25. Kg2 hxg3 26. hxg3 Rab8 27. b3 a5 28. Rec2 Kh7 29. Bc5 a4 30. b4 Kg6 31. a3 Bf8 32. Bxf8 Rxf8 33. Rc8 Kg7 34. Rxf8 Kxf8 35. Kf3 Ke7 36. Rc5 Ra7 37. g4 fxg4+ 38. Kxg4 Kd7 39. f5 Ra8 40. f6 Rg8+ 41. Kf4 Ra8 42. Ra5 1-0